[Event "?"]
[Site "?"]
[Date "2014.04.17"]
[Round "5.2"]
[White "Konsek, Peter"]
[Black "Luther, Helmut"]
[Result "1-0"]
[WhiteElo "2051"]
[BlackElo "1999"]
[PlyCount "67"]
[EventDate "2014.??.??"]
[WhiteTeam "SW Nürnberg Süd e.V."]
[BlackTeam "SW Nürnberg Süd e.V."]

1. e4 d5 2. exd5 Qxd5 3. Nc3 Qd6 4. d4 Nf6 5. Nf3 g6 6. Nb5 Qd8 7. Bf4 Na6 8.
c4 Bg7 9. Be2 O-O 10. h3 c6 11. Nc3 Nc7 12. Qb3 Ne6 13. Be5 b6 14. O-O Bb7 15.
a4 Nd7 16. Bxg7 Kxg7 17. Rfd1 Nf6 18. a5 Qc7 19. a6 Bc8 20. Qa3 Nf4 21. Bf1 Re8
22. Re1 Bf5 23. Rad1 Rad8 24. d5 cxd5 25. Nb5 Qc5 26. b4 Qc8 27. Nxa7 Qa8 28.
Nb5 Rc8 29. Qe3 Nxg2 30. Bxg2 Qxa6 31. Ra1 Qb7 32. Ra7 Qb8 33. Ne5 Rxc4 34.
Nxc4 1-0

[Event "?"]
[Site "?"]
[Date "2014.04.17"]
[Round "5.3"]
[White "Werner, Thomas"]
[Black "Cordts, Elof"]
[Result "1-0"]
[WhiteElo "2008"]
[BlackElo "1763"]
[PlyCount "33"]
[EventDate "2014.??.??"]
[WhiteTeam "SW Nürnberg Süd e.V."]
[BlackTeam "SC Erlangen 48/88 e.V."]

1. d4 Nf6 2. c4 c5 3. d5 e6 4. Nc3 exd5 5. cxd5 d6 6. e4 g6 7. Bd3 Bg7 8. h3
O-O 9. Nf3 Re8 10. O-O c4 11. Bc2 b5 12. Nxb5 Nxe4 13. Re1 a6 14. Nbd4 Nf6 15.
Rxe8+ Nxe8 16. Qe2 Nd7 17. Nc6 1-0

[Event "?"]
[Site "?"]
[Date "2014.04.17"]
[Round "5.4"]
[White "Diller, Peter"]
[Black "Schöne, Steffen"]
[Result "1-0"]
[WhiteElo "1987"]
[BlackElo "1694"]
[PlyCount "121"]
[EventDate "2014.??.??"]
[WhiteTeam "SK Rothenburg e.V."]
[BlackTeam "Spvg Zabo-Eintracht Nürnberg e.V"]

1. e4 c5 2. f4 d5 3. e5 Nc6 4. Nf3 Bg4 5. c3 e6 6. Be2 Nh6 7. O-O Be7 8. Na3
Qb6 9. d3 a6 10. Nc2 Nf5 11. Rb1 Rd8 12. Qe1 Bxf3 13. Rxf3 h5 14. Ne3 Bh4 15.
Qd1 Nxe3 16. Bxe3 d4 17. Bd2 Rd7 18. Rh3 Be7 19. Rxh5 Rxh5 20. Bxh5 g6 21. Bf3
c4 22. Kh1 cxd3 23. c4 Bb4 24. Qb3 Bc5 25. Qxb6 Bxb6 26. Be4 Ne7 27. Bxd3 Nf5
28. Kg1 Ne3 29. Kf2 Rc7 30. Rc1 a5 31. a3 a4 32. Bb4 Bc5 33. Kf3 b6 34. g3 Kf8
35. h4 Kg7 36. g4 Rc8 37. g5 Rh8 38. Rh1 Nf5 39. Be1 Ne3 40. Ke4 Kf8 41. Be2
Ke7 42. Kd3 Ng2 43. Bg3 Ne3 44. Bf3 Rc8 45. Bb7 Rc7 46. Ba6 Kf8 47. Bb5 Ra7 48.
h5 gxh5 49. Rxh5 Kg7 50. Bc6 Nf5 51. Bf2 Ne7 52. Be4 Nf5 53. Bxf5 exf5 54. Rh6
Rb7 55. e6 Re7 56. Bxd4+ Bxd4 57. Kxd4 fxe6 58. Ke5 Kf7 59. Rh7+ Kf8 60. Rxe7
Kxe7 61. g6 1-0

[Event "?"]
[Site "?"]
[Date "2014.04.17"]
[Round "5.5"]
[White "Süß, Helmut"]
[Black "Gloth, Gerrit"]
[Result "0-1"]
[WhiteElo "1971"]
[BlackElo "1947"]
[PlyCount "84"]
[EventDate "2014.??.??"]
[WhiteTeam "SC Noris-Tarrasch Nürnberg 1873"]
[BlackTeam "SC Erlangen 48/88 e.V."]

1. d4 Nf6 2. c4 e6 3. Nc3 Bb4 4. Qc2 O-O 5. a3 Bxc3+ 6. Qxc3 b6 7. Nf3 Bb7 8.
e3 Ne4 9. Qc2 d6 10. Bd3 f5 11. O-O Nd7 12. Nd2 Nxd2 13. Bxd2 Qg5 14. f3 Qh5
15. Rae1 Rad8 16. e4 f4 17. Qd1 e5 18. d5 Rf6 19. Qe2 g5 20. Qf2 Rdf8 21. b4
Rg6 22. g3 g4 23. fxg4 Rxg4 24. Be2 fxg3 25. Bxg4 gxf2+ 26. Rxf2 Rxf2 27. Be6+
Kh8 28. Kxf2 Qxh2+ 29. Ke3 Nf6 30. Rf1 Ng4+ 31. Bxg4 Qg3+ 32. Bf3 Ba6 33. Be1
Qg5+ 34. Kd3 Qc1 35. b5 Qxa3+ 36. Bc3 Bc8 37. Ra1 Qb3 38. Rxa7 Bh3 39. Kd2 Qxc4
40. Be2 Qxe4 41. Rxc7 Qxd5+ 42. Bd3 Bf5 0-1

[Event "?"]
[Site "?"]
[Date "2014.04.17"]
[Round "5.6"]
[White "Schanz, Karlheinz"]
[Black "Weidenhöfer, Robert"]
[Result "1-0"]
[WhiteElo "1914"]
[BlackElo "1696"]
[PlyCount "77"]
[EventDate "2014.??.??"]
[WhiteTeam "SC Mühlhof-Reichelsdorf e.V."]
[BlackTeam "SW Nürnberg Süd e.V."]

1. e4 b6 2. d4 Bb7 3. Nc3 e6 4. a3 Nf6 5. Bd3 c5 6. dxc5 Bxc5 7. Nf3 O-O 8. O-O
d5 9. Qe2 d4 10. Nb1 Nc6 11. e5 Nd7 12. Qe4 g6 13. Re1 Re8 14. Bg5 Be7 15. Bxe7
Qxe7 16. Nbd2 Nc5 17. Qe2 f5 18. exf6 Qxf6 19. Nc4 Rad8 20. Nce5 Nxe5 21. Nxe5
Qg5 22. Qg4 Qxg4 23. Nxg4 Kg7 24. Ne5 a6 25. a4 Nxd3 26. cxd3 Bd5 27. a5 b5 28.
Rac1 Rc8 29. Nd7 Rxc1 30. Rxc1 Re7 31. Nc5 Ra7 32. b4 Kf6 33. Re1 g5 34. f3 h5
35. Kf2 e5 36. Rc1 Rc7 37. Ne4+ Bxe4 38. Rxc7 Bxd3 39. Rc6+ 1-0

[Event "?"]
[Site "?"]
[Date "2014.04.17"]
[Round "5.7"]
[White "Walter, Manfred"]
[Black "Babichev, Vyacheslav"]
[Result "1-0"]
[WhiteElo "1742"]
[BlackElo "1803"]
[PlyCount "91"]
[EventDate "2014.??.??"]
[WhiteTeam "SV Lauf a.d.P."]
[BlackTeam "SW Nürnberg Süd e.V."]

1. c4 Nf6 2. g3 b6 3. Bg2 Nc6 4. Nf3 Bb7 5. Nc3 Ne5 6. b3 Nxf3+ 7. exf3 e6 8.
Qe2 Be7 9. Bb2 O-O 10. O-O a5 11. d4 d5 12. f4 c6 13. Rfe1 Re8 14. cxd5 exd5
15. Qc2 Bc8 16. Na4 Bd7 17. Re3 g6 18. Rae1 Rc8 19. Nxb6 Bf5 20. Qc1 Rc7 21.
Na4 Bb4 22. Rxe8+ Nxe8 23. Bc3 Nd6 24. a3 Bxc3 25. Nxc3 Qb8 26. Re3 Qb6 27. Qd1
Qb8 28. Na4 Nb5 29. b4 axb4 30. axb4 Nd6 31. Qe1 Ra7 32. Nc5 Qa8 33. Rc3 Nb5
34. Re3 Kf8 35. Nb3 Nxd4 36. Nxd4 Ra1 37. Re8+ Kg7 38. Nxf5+ gxf5 39. Rxa8
Rxe1+ 40. Bf1 Rb1 41. Ra4 Kf6 42. Kg2 Ke6 43. Ra6 Kd6 44. Bd3 Rd1 45. Bxf5 Rd4
46. Bxh7 1-0

[Event "?"]
[Site "?"]
[Date "2014.04.17"]
[Round "5.9"]
[White "Weißmann, Peter"]
[Black "Münzenberg, Dietrich"]
[Result "0-1"]
[WhiteElo "1803"]
[BlackElo "1728"]
[PlyCount "62"]
[EventDate "2014.??.??"]
[WhiteTeam "SK Zirndorf e.V."]
[BlackTeam "Spvg Zabo-Eintracht Nürnberg e.V"]

1. e4 c6 2. d4 d5 3. e5 Bf5 4. g4 Bd7 5. c4 dxc4 6. Bxc4 Na6 7. Bxa6 Qa5+ 8.
Nc3 Qxa6 9. h3 e6 10. Qe2 Qb6 11. Be3 Bb4 12. a3 Bxc3+ 13. bxc3 Qa5 14. Qb2 Ne7
15. Ne2 Nd5 16. Bd2 Qa6 17. Qc2 Nb6 18. Nc1 Qc4 19. Qb3 Qa6 20. f4 Nc4 21. Rh2
b6 22. Rf2 h5 23. g5 g6 24. Nd3 O-O 25. Nb2 Nxb2 26. Qxb2 Qd3 27. Re2 Qg3+ 28.
Rf2 Qxh3 29. O-O-O a5 30. Re2 Qf5 31. Qc2 Qg4 0-1

[Event "?"]
[Site "?"]
[Date "2014.04.17"]
[Round "5.10"]
[White "Diebel, Günter"]
[Black "Holland, Arthur"]
[Result "1/2-1/2"]
[WhiteElo "1660"]
[BlackElo "1835"]
[PlyCount "102"]
[EventDate "2014.??.??"]
[WhiteTeam "SG Büchenbach/Roth e.V."]
[BlackTeam "Spvg Zabo-Eintracht Nürnberg e.V"]

1. e4 e5 2. Nf3 Nc6 3. Bc4 Nf6 4. Nc3 Bc5 5. O-O O-O 6. d3 h6 7. a3 d6 8. h3
Qe7 9. b4 Bb6 10. Bb2 Nd4 11. Nd5 Nxd5 12. Bxd5 c6 13. Bxd4 exd4 14. Bb3 Be6
15. Nd2 Qh4 16. Kh2 d5 17. exd5 Bc7+ 18. Kg1 cxd5 19. Qf3 Rad8 20. Rac1 Rd7 21.
Rfe1 Qg5 22. Nf1 Bf4 23. h4 Qf6 24. Rb1 g5 25. g3 Be5 26. Qxf6 Bxf6 27. hxg5
hxg5 28. Kg2 Kg7 29. f3 Rh8 30. g4 Be7 31. Ng3 Bd6 32. Nh5+ Kg6 33. Rh1 Rdd8
34. Rbc1 a5 35. bxa5 Bxa3 36. Ra1 Bb2 37. Ra2 Bc3 38. a6 bxa6 39. Rxa6 Rhe8 40.
Kg3 Bb4 41. f4 gxf4+ 42. Nxf4+ Kg7 43. Kf3 Bc8 44. Nh5+ Kf8 45. Rh6 Re3+ 46.
Kf4 Bd6+ 47. Kg5 Re5+ 48. Kh4 Be7+ 49. Kg3 Re3+ 50. Kf2 Bg5 51. Rh8+ Ke7
1/2-1/2

[Event "?"]
[Site "?"]
[Date "2014.04.17"]
[Round "5.11"]
[White "Balhar, Michael"]
[Black "Gawlas, Gunder"]
[Result "1/2-1/2"]
[WhiteElo "1731"]
[BlackElo "1600"]
[PlyCount "21"]
[EventDate "2014.??.??"]
[WhiteTeam "SC Erlangen 48/88 e.V."]
[BlackTeam "SC Noris-Tarrasch Nürnberg 1873"]

1. d4 d5 2. c4 c6 3. Nf3 Nf6 4. Nc3 e6 5. cxd5 exd5 6. Bf4 Be7 7. e3 Bf5 8. Be2
Nbd7 9. Qb3 Qb6 10. Nd2 O-O 11. O-O 1/2-1/2

[Event "?"]
[Site "?"]
[Date "2014.04.17"]
[Round "5.12"]
[White "Stohl, Tristan"]
[Black "Dresel, Martin"]
[Result "1-0"]
[WhiteElo "1355"]
[BlackElo "1260"]
[PlyCount "103"]
[EventDate "2014.??.??"]
[WhiteTeam "SK Schwabach 1907 e.V."]
[BlackTeam "SC Erlangen 48/88 e.V."]

1. f4 Nc6 2. Nf3 d6 3. b3 f6 4. e3 e5 5. Nc3 Be6 6. Bb2 Qd7 7. Qe2 Nge7 8. Qb5
O-O-O 9. O-O-O a6 10. Qa4 Nb8 11. Qxd7+ Rxd7 12. Ne4 Rd8 13. Bd3 Bd5 14. Nc3
Bxf3 15. gxf3 exf4 16. exf4 Nbc6 17. Rde1 Ng6 18. f5 Nh4 19. Be4 Nd4 20. f4
Ndxf5 21. Nd5 c6 22. Nxf6 g6 23. Ne8 Rg8 24. Bf6 Rd7 25. Bxh4 Nxh4 26. Nf6 Bh6
27. Rhf1 Rgg7 28. Nxd7 Rxd7 29. f5 gxf5 30. Rxf5 Nxf5 31. Bxf5 Kd8 32. Bxd7
Kxd7 33. Kd1 Bg5 34. d3 h6 35. h3 d5 36. c4 dxc4 37. dxc4 Kc7 38. Kc2 Kb6 39.
Rf1 Kc5 40. Rf7 Kb6 41. Kd3 Ka7 42. Ke4 Kb6 43. Kf5 a5 44. Kg4 Ka6 45. h4 Be3
46. h5 c5 47. Rf6+ b6 48. Kf5 Kb7 49. Kg6 Ka6 50. Kh7 Kb7 51. Rxh6 Bxh6 52.
Kxh6 1-0

[Event "?"]
[Site "?"]
[Date "2014.04.17"]
[Round "5.13"]
[White "Dreiseitel, Ursula"]
[Black "Stohl, Peter"]
[Result "1-0"]
[WhiteElo "1503"]
[BlackElo "1583"]
[PlyCount "87"]
[EventDate "2014.??.??"]
[WhiteTeam "SC Noris-Tarrasch Nürnberg 1873"]
[BlackTeam "SK Schwabach 1907 e.V."]

1. d4 f5 2. Nf3 e6 3. Bf4 Nf6 4. h3 Nc6 5. e3 b6 6. c3 Bb7 7. Bd3 Be7 8. O-O
O-O 9. Nbd2 Nd5 10. Bh2 Rc8 11. a3 Qe8 12. Qc2 Nf6 13. e4 fxe4 14. Nxe4 g6 15.
Nxf6+ Bxf6 16. Rae1 Ne7 17. Ne5 d6 18. Ng4 Qd7 19. Bf4 Bg7 20. Nh6+ Kh8 21. Bg5
Nf5 22. Nxf5 exf5 23. Re7 Qc6 24. f3 Rce8 25. Rfe1 Rxe7 26. Rxe7 Re8 27. Qe2
Rf8 28. Bb5 Qd5 29. Rxc7 h6 30. Bc4 Qa5 31. Be7 Bxf3 32. gxf3 Re8 33. Bb5 Rg8
34. Bxd6 a6 35. Bxa6 Qd5 36. Bb4 f4 37. Bc4 Qg5+ 38. Qg2 Qd8 39. Rc6 Re8 40.
Rxg6 Qc7 41. Bb3 Bxd4+ 42. cxd4 Qh7 43. Bc3 Rc8 44. d5+ 1-0

[Event "?"]
[Site "?"]
[Date "2014.04.17"]
[Round "5.14"]
[White "Majid, Hakim"]
[Black "Dreiseitel, Werner"]
[Result "1-0"]
[WhiteElo "1208"]
[BlackElo "1551"]
[PlyCount "69"]
[EventDate "2014.??.??"]
[WhiteTeam "SW Nürnberg Süd e.V."]
[BlackTeam "SC Noris-Tarrasch Nürnberg 1873"]

1. e4 c6 2. c3 d5 3. e5 Bf5 4. d4 e6 5. Ne2 h6 6. Ng3 Bh7 7. Bd3 Bxd3 8. Qxd3
Nd7 9. O-O c5 10. Nd2 Qc7 11. Nf3 Ne7 12. Qe3 Nc6 13. Qf4 g5 14. Qg4 O-O-O 15.
Qh5 Nb6 16. Nxg5 Rd7 17. Nf3 Kb8 18. Qh3 cxd4 19. cxd4 Qc8 20. Bd2 Rc7 21. a4
Bb4 22. Bc3 Bxc3 23. bxc3 Na5 24. Ne2 Nbc4 25. Rfb1 Qg8 26. Ra2 Qg6 27. Raa1
Qc2 28. Re1 Nb3 29. Rad1 Nb2 30. Rb1 Nd3 31. Qh4 Nxe1 32. Rxe1 Qd2 33. Nxd2
Nxd2 34. Qf6 Ne4 35. Qxh8+ 1-0